[Event "CAN-ch U12 w Online"]
[Site "chess.com"]
[Date "2020.11.08"]
[Round "4.50"]
[White "Mok, Gillian"]
[Black "Guo, Anni"]
[Result "0-1"]
[WhiteElo "1475"]
[BlackElo "1948"]
[PlyCount "48"]
[EventDate "2020.11.08"]
[EventType "swiss (rapid)"]
[EventRounds "6"]
[EventCountry "CAN"]

1. e4 c5 2. Nf3 d6 3. d4 cxd4 4. Nxd4 Nf6 5. Nc3 g6 6. Be2 Bg7 7. Be3 Nc6 8.
O-O O-O 9. Kh1 Bd7 10. f4 Rc8 11. a3 Na5 12. f5 Nc4 13. Bxc4 Rxc4 14. Qe2 Qc8
15. Rf4 Nh5 16. Rh4 Bxd4 17. e5 dxe5 18. Nd5 Qc5 19. Nxe7+ Kg7 20. Rf1 Rxc2 21.
Bxd4 exd4 22. Qd3 Rc1 23. Kg1 Rxf1+ 24. Kxf1 Bb5 0-1

[Event "CAN-ch U12 w Online"]
[Site "chess.com"]
[Date "2020.11.08"]
[Round "4.51"]
[White "Chen, Rachel Ruoxuan"]
[Black "Zhong, April Yunwei"]
[Result "1-0"]
[WhiteElo "1606"]
[BlackElo "1392"]
[PlyCount "61"]
[EventDate "2020.11.08"]
[EventType "swiss (rapid)"]
[EventRounds "6"]
[EventCountry "CAN"]

1. e4 c5 2. Nf3 d6 3. d4 cxd4 4. Nxd4 Nf6 5. Nc3 a6 6. g3 e6 7. Bg2 Be7 8. Be3
Nbd7 9. O-O Nc5 10. a4 O-O 11. f4 Rb8 12. g4 b6 13. Nc6 Qc7 14. Nxb8 Qxb8 15.
g5 Nfd7 16. f5 exf5 17. exf5 Bb7 18. Nd5 Bxd5 19. Bxd5 Kh8 20. Qh5 g6 21. Qh6
Ne5 22. f6 Rg8 23. fxe7 Rg7 24. Bd4 Qe8 25. Bxe5 dxe5 26. Rxf7 Rxf7 27. Bxf7
Qxe7 28. Rf1 Ne4 29. Bc4 Nd6 30. Rf8+ Qxf8 31. Qxf8# 1-0

[Event "CAN-ch U12 w Online"]
[Site "chess.com"]
[Date "2020.11.08"]
[Round "5.51"]
[White "Yang, Jing Yao"]
[Black "Chen, Rachel Ruoxuan"]
[Result "1/2-1/2"]
[WhiteElo "1081"]
[BlackElo "1606"]
[PlyCount "93"]
[EventDate "2020.11.08"]
[EventType "swiss (rapid)"]
[EventRounds "6"]
[EventCountry "CAN"]

1. d4 Nf6 2. Bf4 d5 3. e3 c5 4. c3 Nc6 5. Nf3 Qb6 6. Qb3 c4 7. Qxb6 axb6 8.
Nbd2 Bf5 9. Be2 e6 10. h3 h6 11. Ne5 b5 12. O-O b4 13. Nxc6 bxc6 14. Nf3 bxc3
15. bxc3 Ra3 16. Ne5 c5 17. Rfc1 Be7 18. f3 cxd4 19. exd4 O-O 20. Nc6 Re8 21.
Nxe7+ Rxe7 22. Bd6 Rea7 23. Bxa3 Rxa3 24. Bd1 Nd7 25. Bc2 Bxc2 26. Rxc2 Nb6 27.
Kf2 Na4 28. Rac1 Kf8 29. Ke3 Ke7 30. Kf4 Kd6 31. g4 Ke7 32. h4 Kd6 33. g5 h5
34. Ke3 Kc6 35. Kd2 Nb6 36. Rf1 g6 37. f4 Nc8 38. Rb2 Nd6 39. Rh1 Ne4+ 40. Kc1
Nxc3 41. Kc2 Ne4 42. Rhb1 Rc3+ 43. Kd1 Rd3+ 44. Kc1 Rc3+ 45. Kd1 Rd3+ 46. Kc1
Rc3+ 47. Kd1 1/2-1/2

[Event "CAN-ch U12 w Online"]
[Site "chess.com"]
[Date "2020.11.08"]
[Round "6.51"]
[White "Chen, Rachel Ruoxuan"]
[Black "Mok, Gillian"]
[Result "0-1"]
[WhiteElo "1606"]
[BlackElo "1475"]
[PlyCount "168"]
[EventDate "2020.11.08"]
[EventType "swiss (rapid)"]
[EventRounds "6"]
[EventCountry "CAN"]

1. e4 e5 2. Nf3 Nc6 3. Bb5 a6 4. Ba4 Nf6 5. O-O Be7 6. d3 b5 7. Bb3 d6 8. a3
Bg4 9. Be3 O-O 10. Nc3 Na5 11. Ba2 c5 12. b4 Nc6 13. Nd5 Nxd5 14. Bxd5 Rc8 15.
c3 h6 16. h3 Bh5 17. g4 Bg6 18. bxc5 dxc5 19. Bxc6 Rxc6 20. Nxe5 Rb6 21. f4 Qc7
22. Qb3 Bh7 23. Rad1 Bd6 24. Qc2 Bxe5 25. fxe5 Qxe5 26. Kg2 Rc6 27. Bf4 Qe6 28.
Rde1 b4 29. axb4 cxb4 30. c4 a5 31. Ra1 Rfc8 32. Kh2 Bxe4 33. dxe4 Rxc4 34. Qg2
Rc2 35. Rf2 Rxf2 36. Qxf2 Qxe4 37. Rc1 Rxc1 38. Bxc1 a4 39. Qd2 a3 40. Kg1 Qb1
41. Kh2 a2 42. Bb2 b3 43. Kg3 a1=Q 44. Bxa1 Qxa1 45. Qd8+ Kh7 46. Qd3+ g6 47.
Qxb3 Qg1+ 48. Kf4 Qf2+ 49. Ke4 Kg7 50. Qc3+ Qf6 51. Qg3 Qe6+ 52. Kd4 Qb6+ 53.
Kc4 Qa6+ 54. Kb4 Qa1 55. Kb5 Qb2+ 56. Kc4 Qe2+ 57. Kb4 Qb2+ 58. Kc4 g5 59. Kc5
Qc2+ 60. Kb4 Qe4+ 61. Kb3 Qe6+ 62. Kc2 Kg6 63. Kb2 f6 64. Kc2 Qc4+ 65. Kd1 Qd4+
66. Kc2 Qe4+ 67. Kd1 Qd5+ 68. Ke2 Qe5+ 69. Kf3 Qxg3+ 70. Kxg3 h5 71. Kf3 f5 72.
gxf5+ Kxf5 73. Ke3 Ke5 74. Kf3 Kd4 75. h4 g4+ 76. Kf4 Kd3 77. Kg5 g3 78. Kxh5
g2 79. Kh6 g1=Q 80. h5 Ke4 81. Kh7 Kf5 82. h6 Kf6 83. Kh8 Kf7 84. h7 Qg7# 0-1

[Event "CAN-ch U14 Online"]
[Site "chess.com"]
[Date "2020.11.08"]
[Round "1.55"]
[White "Zhang, Raymond Tangning"]
[Black "Kang, Dorian"]
[Result "1-0"]
[WhiteElo "1362"]
[BlackElo "2132"]
[PlyCount "123"]
[EventDate "2020.11.08"]
[EventType "swiss (rapid)"]
[EventRounds "6"]
[EventCountry "CAN"]

1. d4 Nf6 2. Bf4 b6 3. e3 Bb7 4. c3 g6 5. Nd2 Bg7 6. Ngf3 d6 7. Qa4+ Nbd7 8.
Ba6 Bxa6 9. Qxa6 O-O 10. h3 c5 11. O-O Nd5 12. Bh2 Nc7 13. Qe2 b5 14. a4 a6 15.
dxc5 Nxc5 16. axb5 axb5 17. Nd4 Qd7 18. N2b3 Nxb3 19. Nxb3 Qc6 20. Nd4 Qb7 21.
Qf3 Qxf3 22. Nxf3 Rxa1 23. Rxa1 Ra8 24. Rxa8+ Nxa8 25. Kf1 Nb6 26. Nd4 Bxd4 27.
cxd4 Nc4 28. b4 f5 29. Ke2 Kf7 30. f3 Nb6 31. e4 Nd7 32. Kd3 Nb8 33. Bg1 Nc6
34. Kc3 e6 35. Bf2 Kf6 36. Be1 fxe4 37. fxe4 d5 38. exd5 exd5 39. Kd3 Kf5 40.
Ke3 h5 41. g3 Ne7 42. Kf3 Nc8 43. g4+ hxg4+ 44. hxg4+ Kg5 45. Bd2+ Kh4 46. Kf4
Nd6 47. Be1+ Kh3 48. Ke5 Nc4+ 49. Kxd5 Kxg4 50. Kc5 Ne3 51. d5 Kf5 52. d6 Ke6
53. Kc6 Nc4 54. Bg3 Ne3 55. d7 Ke7 56. Bh4+ Kf7 57. d8=Q Nf5 58. Kxb5 Kg7 59.
Qf6+ Kh7 60. Kc5 Ng7 61. Qxg7+ Kxg7 62. b5 1-0

[Event "CAN-ch U14 Online"]
[Site "chess.com"]
[Date "2020.11.08"]
[Round "2.54"]
[White "Imoo, Joshua"]
[Black "Chen, Max"]
[Result "0-1"]
[WhiteElo "1682"]
[BlackElo "2161"]
[PlyCount "60"]
[EventDate "2020.11.08"]
[EventType "swiss (rapid)"]
[EventRounds "6"]
[EventCountry "CAN"]

1. e4 c6 2. d4 d5 3. Nc3 dxe4 4. Nxe4 Nf6 5. Nxf6+ exf6 6. Nf3 Bd6 7. Bd3 O-O
8. O-O Re8 9. c3 Nd7 10. Qc2 Nf8 11. h3 Qc7 12. Bd2 c5 13. Rfe1 Bd7 14. Rac1
Ng6 15. Be3 c4 16. Bf1 Bc6 17. Qd1 Bd5 18. b3 Ba3 19. Rc2 cxb3 20. axb3 Bxb3
21. c4 Bd6 22. c5 Bf4 23. d5 Bxc2 24. Qxc2 Bxe3 25. fxe3 Qg3 26. d6 Ne5 27. Qe2
Nxf3+ 28. Qxf3 Qxe1 29. d7 Qxe3+ 30. Qxe3 Rxe3 0-1

[Event "CAN-ch U14 Online"]
[Site "chess.com"]
[Date "2020.11.08"]
[Round "2.55"]
[White "Srinivasan, Hemant"]
[Black "Zhang, Raymond Tangning"]
[Result "1-0"]
[WhiteElo "1973"]
[BlackElo "1362"]
[PlyCount "109"]
[EventDate "2020.11.08"]
[EventType "swiss (rapid)"]
[EventRounds "6"]
[EventCountry "CAN"]

1. d4 e6 2. c4 Nf6 3. Nf3 b6 4. Nc3 Bb4 5. Qc2 Ba6 6. e4 c5 7. e5 Ng8 8. d5
exd5 9. cxd5 Ne7 10. d6 Bxc3+ 11. bxc3 Nec6 12. Bxa6 Nxa6 13. Qa4 Nab8 14. Qg4
Kf8 15. O-O b5 16. Qf5 h6 17. Re1 b4 18. cxb4 cxb4 19. Bb2 Rg8 20. e6 dxe6 21.
Rxe6 Qd7 22. Rae1 Na6 23. Re8+ Qxe8 24. Rxe8+ Rxe8 25. d7 Rd8 26. Ne5 Nxe5 27.
Bxe5 Ke7 28. Qe4 Rxd7 29. Bxg7+ Kd8 30. Bf6+ Kc7 31. g3 Rg6 32. Qc4+ Kb7 33.
Qb5+ Ka8 34. Qxd7 Rxf6 35. Qd8+ Nb8 36. Qxf6 Kb7 37. Qxf7+ Kb6 38. Qg6+ Nc6 39.
Qxh6 Kb5 40. Qg5+ Ka4 41. Qc5 Na5 42. h4 b3 43. axb3+ Nxb3 44. Qxa7+ Kb4 45.
Qb6+ Kc3 46. h5 Nd2 47. Qe3+ Kc2 48. h6 Nc4 49. Qe4+ Kb3 50. h7 Nd2 51. Qd3+
Ka4 52. Qxd2 Kb3 53. h8=Q Ka3 54. Qhc3+ Ka4 55. Qb4# 1-0

[Event "CAN-ch U14 Online"]
[Site "chess.com"]
[Date "2020.11.08"]
[Round "2.56"]
[White "Xu, Andrew"]
[Black "Adam, Rafael"]
[Result "0-1"]
[WhiteElo "1522"]
[BlackElo "1746"]
[PlyCount "94"]
[EventDate "2020.11.08"]
[EventType "swiss (rapid)"]
[EventRounds "6"]
[EventCountry "CAN"]

1. e4 e5 2. Nf3 Nc6 3. Bb5 a6 4. Ba4 Nf6 5. O-O Nxe4 6. Re1 Nc5 7. Bb3 Nxb3 8.
axb3 d6 9. d4 Be7 10. dxe5 dxe5 11. Qxd8+ Bxd8 12. Nxe5 Nxe5 13. Rxe5+ Be6 14.
Nc3 Bf6 15. Re1 O-O-O 16. Bf4 Bf5 17. Re2 Rhe8 18. Rxe8 Rxe8 19. h3 Bxc2 20. b4
Bd3 21. Rc1 Be5 22. Be3 Bd6 23. b5 Bxb5 24. Nxb5 axb5 25. Ra1 Kd7 26. Kf1 b6
27. Ra7 Bc5 28. Bf4 Bd6 29. Be3 Kc6 30. Ra1 Kb7 31. Ke2 Bc5 32. Rd1 Kc8 33. Kf3
Bxe3 34. fxe3 Rd8 35. Ra1 Kb7 36. Ke4 Re8+ 37. Kf4 Rd8 38. Ke4 Rd2 39. Rf1 f6
40. g4 Rxb2 41. Rd1 Rb4+ 42. Kf5 Kc6 43. Rd8 Rb1 44. Rg8 Rf1+ 45. Ke6 g6 46.
Rg7 b4 47. Rxh7 b3 0-1

[Event "CAN-ch U14 Online"]
[Site "chess.com"]
[Date "2020.11.08"]
[Round "2.59"]
[White "Kang, Dorian"]
[Black "Hao, Jackie"]
[Result "1-0"]
[WhiteElo "2132"]
[BlackElo "1590"]
[PlyCount "137"]
[EventDate "2020.11.08"]
[EventType "swiss (rapid)"]
[EventRounds "6"]
[EventCountry "CAN"]

1. e4 e5 2. Nf3 Nc6 3. Bc4 Bc5 4. c3 Nf6 5. d3 d6 6. Nbd2 Be6 7. O-O O-O 8. h3
h6 9. Re1 Ne7 10. d4 exd4 11. cxd4 Bb4 12. Bd3 Ng6 13. a3 Ba5 14. b4 Bb6 15.
Nc4 c6 16. Nxb6 axb6 17. Qc2 Nh5 18. d5 Bd7 19. e5 Nhf4 20. e6 Nxd3 21. Qxd3
Qf6 22. Bxh6 gxh6 23. exd7 Rad8 24. Qc4 b5 25. Qc1 cxd5 26. Qxh6 Rxd7 27. Ng5
Qg7 28. Qh5 Rdd8 29. Rad1 Nf4 30. Qg4 f6 31. Ne6 Qxg4 32. hxg4 Nxe6 33. Rxe6 f5
34. Rg6+ Kh7 35. gxf5 Rxf5 36. Rg4 Rdf8 37. Rd3 Rh5 38. Re3 Rc8 39. g3 Rc4 40.
Re7+ Kh6 41. Reg7 Rxg4 42. Rxg4 Re5 43. Rd4 Kg6 44. Kg2 Kf6 45. f4 Re2+ 46. Kf3
Ra2 47. Rxd5 Rxa3+ 48. Kg4 Ke6 49. Rxb5 d5 50. Rxb7 d4 51. f5+ Ke5 52. Re7+ Kf6
53. Re6+ Kf7 54. Rd6 d3 55. Kg5 Ke7 56. Rd4 d2 57. Rxd2 Rxg3+ 58. Kf4 Rb3 59.
Rd4 Kf6 60. Ke4 Kg5 61. Ke5 Re3+ 62. Re4 Rf3 63. f6 Rxf6 64. Rg4+ Kxg4 65. Kxf6
Kf4 66. b5 Ke4 67. b6 Kd5 68. b7 Kc6 69. b8=Q 1-0

[Event "CAN-ch U14 Online"]
[Site "chess.com"]
[Date "2020.11.08"]
[Round "3.56"]
[White "Srinivas, Atharva"]
[Black "Imoo, Joshua"]
[Result "1/2-1/2"]
[WhiteElo "1704"]
[BlackElo "1682"]
[PlyCount "68"]
[EventDate "2020.11.08"]
[EventType "swiss (rapid)"]
[EventRounds "6"]
[EventCountry "CAN"]

1. e4 e5 2. Nf3 Nf6 3. Nc3 Nc6 4. Bb5 Bb4 5. d3 d6 6. O-O Bxc3 7. bxc3 O-O 8.
Bxc6 bxc6 9. h3 Re8 10. Re1 h6 11. a4 Rb8 12. Be3 a6 13. Rb1 Bd7 14. Qc1 c5 15.
Qa3 Bc6 16. Nd2 Qd7 17. a5 Nh5 18. Qa2 Kh8 19. Rxb8 Rxb8 20. Rb1 Rb5 21. Rxb5
Bxb5 22. c4 Bc6 23. Qb2 Qc8 24. Kf1 Qb7 25. Qxb7 Bxb7 26. Nb1 Bc6 27. Nc3 Nf6
28. Ke2 Kg8 29. Nd5 Nxd5 30. cxd5 Bd7 31. f4 f6 32. c3 Bb5 33. Kd2 Kf7 34. g3
Bd7 1/2-1/2

[Event "CAN-ch U14 Online"]
[Site "chess.com"]
[Date "2020.11.08"]
[Round "3.57"]
[White "Xu, Andrew"]
[Black "Batorshyn, Ilia"]
[Result "1-0"]
[WhiteElo "1522"]
[BlackElo "1217"]
[PlyCount "63"]
[EventDate "2020.11.08"]
[EventType "swiss (rapid)"]
[EventRounds "6"]
[EventCountry "CAN"]

1. e4 e6 2. d4 d5 3. Nd2 dxe4 4. Nxe4 Nd7 5. Nf3 Ngf6 6. Nxf6+ Nxf6 7. Bc4 Be7
8. O-O O-O 9. Re1 b6 10. Bf4 Bb7 11. Ne5 Nd5 12. Bg3 c5 13. c3 Rc8 14. Bb3 cxd4
15. cxd4 Bb4 16. Rf1 Ba6 17. Nd3 Bd6 18. Bxd6 Qxd6 19. Re1 Rfd8 20. Ne5 Nf4 21.
Qf3 Qxd4 22. Re4 Qxb2 23. Rae1 Bb7 24. Qxf4 Bxe4 25. Qxf7+ Kh8 26. Qxe6 Rc7 27.
h3 Rf8 28. Rxe4 Qb1+ 29. Kh2 g6 30. Nxg6+ hxg6 31. Qe5+ Kh7 32. Rh4# 1-0

[Event "CAN-ch U14 Online"]
[Site "chess.com"]
[Date "2020.11.08"]
[Round "3.62"]
[White "Hao, Jackie"]
[Black "Parent, Etienne"]
[Result "1-0"]
[WhiteElo "1590"]
[BlackElo "1179"]
[PlyCount "45"]
[EventDate "2020.11.08"]
[EventType "swiss (rapid)"]
[EventRounds "6"]
[EventCountry "CAN"]

1. d4 d5 2. c4 Nf6 3. cxd5 Qxd5 4. Nc3 Qd8 5. e4 e6 6. Nf3 Be7 7. e5 Nd5 8. Bd3
Nc6 9. O-O O-O 10. Bd2 Bd7 11. Rc1 Rc8 12. Ne4 f6 13. a3 a6 14. Qc2 Rf7 15. Nc3
fxe5 16. Bxh7+ Kf8 17. dxe5 Nb6 18. Rfd1 Nc4 19. Bg6 Nxd2 20. Qxd2 Bc5 21. Bxf7
Kxf7 22. Qxd7+ Qxd7 23. Rxd7+ 1-0

[Event "CAN-ch U14 Online"]
[Site "chess.com"]
[Date "2020.11.08"]
[Round "4.57"]
[White "Srinivasan, Hemant"]
[Black "Xu, Andrew"]
[Result "1-0"]
[WhiteElo "1973"]
[BlackElo "1522"]
[PlyCount "86"]
[EventDate "2020.11.08"]
[EventType "swiss (rapid)"]
[EventRounds "6"]
[EventCountry "CAN"]

1. d4 Nf6 2. c4 g6 3. Nc3 d5 4. cxd5 Nxd5 5. e4 Nxc3 6. bxc3 Bg7 7. Bc4 O-O 8.
Ne2 c5 9. O-O Nc6 10. Be3 Qc7 11. Rc1 Rd8 12. Qa4 a6 13. dxc5 Bd7 14. Qc2 Ne5
15. Bb3 Bb5 16. c4 Bc6 17. Rfd1 a5 18. Ba4 Bxa4 19. Qxa4 Nd3 20. Rb1 Nxc5 21.
Qc2 b6 22. Nd4 Rac8 23. Nb5 Qb7 24. f3 Rd7 25. Rd2 Qc6 26. Rbd1 Rcd8 27. Rd5 e6
28. R5d2 Nb7 29. Rxd7 Rxd7 30. Rxd7 Qxd7 31. Bxb6 Be5 32. a4 Qc6 33. c5 Bf6 34.
Na7 Qe8 35. c6 Nd6 36. c7 Nc8 37. Nxc8 Qxc8 38. Bxa5 Kg7 39. g3 Bd4+ 40. Kg2 e5
41. Bb4 Bb6 42. Bd6 Ba5 43. Qc5 Bd2 1-0

[Event "CAN-ch U14 Online"]
[Site "chess.com"]
[Date "2020.11.08"]
[Round "4.58"]
[White "Guipi Bopala, Prince Eric jr"]
[Black "Zhang, Raymond Tangning"]
[Result "1-0"]
[WhiteElo "1732"]
[BlackElo "1362"]
[PlyCount "111"]
[EventDate "2020.11.08"]
[EventType "swiss (rapid)"]
[EventRounds "6"]
[EventCountry "CAN"]

1. d4 e6 2. c4 Nf6 3. Nc3 Bb4 4. e3 b6 5. Nge2 Ba6 6. a3 Bxc3+ 7. Nxc3 c5 8.
Be2 O-O 9. O-O Bb7 10. d5 d6 11. e4 a6 12. Bg5 h6 13. Bh4 Re8 14. Re1 Ra7 15.
f4 exd5 16. cxd5 Nbd7 17. Bf3 Qc7 18. Bg3 Raa8 19. e5 dxe5 20. d6 Bxf3 21. Qxf3
Qxd6 22. fxe5 Nxe5 23. Bxe5 Qe6 24. Bxf6 Qxf6 25. Qxf6 gxf6 26. Nd5 Rxe1+ 27.
Rxe1 Rd8 28. Nxb6 Rd2 29. Nc4 Rc2 30. b3 Rc3 31. Re3 Rc1+ 32. Kf2 Rc2+ 33. Kf3
Kg7 34. h3 Kg6 35. a4 f5 36. Ne5+ Kf6 37. Nd7+ Kg6 38. Nb8 a5 39. Nc6 c4 40.
Nxa5 cxb3 41. Nxb3 Ra2 42. a5 h5 43. Re1 Ra3 44. Re3 Kf6 45. Kg3 Kg5 46. h4+
Kg6 47. Rd3 Ra4 48. Rd6+ f6 49. a6 Rg4+ 50. Kh3 f4 51. a7 Rg3+ 52. Kh2 Rxb3 53.
a8=Q Kf5 54. Qd5+ Kg4 55. Qxb3 f5 56. Qh3# 1-0

[Event "CAN-ch U14 Online"]
[Site "chess.com"]
[Date "2020.11.08"]
[Round "4.60"]
[White "Batorshyn, Ilia"]
[Black "Hao, Jackie"]
[Result "1-0"]
[WhiteElo "1217"]
[BlackElo "1590"]
[PlyCount "80"]
[EventDate "2020.11.08"]
[EventType "swiss (rapid)"]
[EventRounds "6"]
[EventCountry "CAN"]

1. b3 d5 2. Bb2 Nf6 3. e3 Bf5 4. f4 Nbd7 5. Nf3 e6 6. Be2 Bd6 7. O-O O-O 8. Ne5
h6 9. Nxd7 Nxd7 10. Rf3 Qh4 11. Rg3 g5 12. Bd3 f6 13. Bxf5 exf5 14. Rh3 Qg4 15.
Qxg4 fxg4 16. Rxh6 gxf4 17. exf4 Bxf4 18. Rg6+ Kf7 19. Rxg4 Bd6 20. Nc3 c6 21.
Rf1 Rh8 22. h3 Rae8 23. d4 Re3 24. Nd1 Re2 25. c4 Rhe8 26. Rh4 Kg7 27. cxd5
cxd5 28. Rh5 Nb6 29. Rhf5 Re1 30. Rxf6 Bg3 31. Rf7+ Kg8 32. R7f5 R8e2 33. Rg5+
Kh7 34. Rxg3 Rxd1 35. Rxd1 Rxb2 36. Re1 Rxa2 37. Re7+ Kh6 38. Rxb7 Rb2 39. Rxa7
Rxb3 40. Rxb3 Nc4 1-0

[Event "CAN-ch U14 Online"]
[Site "chess.com"]
[Date "2020.11.08"]
[Round "5.57"]
[White "Zhang, Raymond Tangning"]
[Black "Batorshyn, Ilia"]
[Result "0-1"]
[WhiteElo "1362"]
[BlackElo "1217"]
[PlyCount "120"]
[EventDate "2020.11.08"]
[EventType "swiss (rapid)"]
[EventRounds "6"]
[EventCountry "CAN"]

1. d4 e6 2. Bf4 f5 3. Nf3 Nf6 4. e3 Be7 5. Nbd2 O-O 6. c3 b6 7. Bd3 Bb7 8. Qe2
d6 9. Ng5 Qc8 10. Bc4 d5 11. Bd3 h6 12. Ngf3 Ba6 13. Bxa6 Nxa6 14. Ne5 c5 15.
h4 cxd4 16. exd4 Ne4 17. Nxe4 fxe4 18. Qg4 Rf6 19. Rh3 Bf8 20. Rg3 Kh7 21. h5
Qe8 22. Ng6 Rd8 23. Nxf8+ Qxf8 24. Be3 Rd7 25. O-O-O Nc7 26. f4 Ne8 27. Kb1 Nd6
28. Rf1 Nf5 29. Rh3 Qf7 30. Qe2 Rd8 31. g4 Nxe3 32. Qxe3 Rf8 33. Rf2 Rxf4 34.
Rg2 Rf3 35. Rxf3 Qxf3 36. Qe2 Qxe2 37. Rxe2 Rf1+ 38. Kc2 Rg1 39. b3 Rxg4 40. c4
Rh4 41. c5 bxc5 42. dxc5 d4 43. Kd1 Rxh5 44. Rc2 d3 45. Rc3 e3 46. Rxd3 Rxc5
47. Rxe3 g5 48. Rxe6 Rc7 49. Kd2 h5 50. b4 Rf7 51. a4 g4 52. b5 g3 53. Re3 g2
54. Rh3 g1=Q 55. Rxh5+ Kg6 56. Rh3 Qg2+ 57. Kc3 Qxh3+ 58. Kb4 Rf4+ 59. Ka5 Qa3
60. b6 Qxa4# 0-1

[Event "CAN-ch U14 Online"]
[Site "chess.com"]
[Date "2020.11.08"]
[Round "5.60"]
[White "Xu, Andrew"]
[Black "Deng, Mingrui"]
[Result "1-0"]
[WhiteElo "1522"]
[BlackElo "943"]
[PlyCount "83"]
[EventDate "2020.11.08"]
[EventType "swiss (rapid)"]
[EventRounds "6"]
[EventCountry "CAN"]

1. e4 d5 2. exd5 Qd6 3. c4 Nf6 4. Nc3 e6 5. dxe6 Bxe6 6. Nf3 Nc6 7. d4 Bg4 8.
d5 Ne5 9. Be2 Bxf3 10. Bxf3 O-O-O 11. b3 Qd7 12. O-O Bd6 13. Be3 a6 14. Qe2 Qe7
15. Na4 Ned7 16. Rfc1 Nc5 17. Nxc5 Bxc5 18. a3 Rde8 19. Re1 Bxa3 20. Qa2 Bc5
21. Bd2 Qd6 22. Qa4 Qb6 23. Rf1 Ne4 24. Bxe4 Rxe4 25. b4 Be7 26. c5 Qg6 27. c6
Rd4 28. cxb7+ Kxb7 29. Bc3 Rxd5 30. Rfe1 Bd8 31. Reb1 Rd6 32. b5 Rb6 33. bxa6+
Ka7 34. Bd4 Kb8 35. Bxb6 cxb6 36. a7+ Ka8 37. Qb3 Re8 38. Qf3+ Re4 39. Rc1 Qe6
40. Qxe4+ Qxe4 41. Rc8+ Kb7 42. a8=Q# 1-0

[Event "CAN-ch U14 Online"]
[Site "chess.com"]
[Date "2020.11.08"]
[Round "5.62"]
[White "Hao, Jackie"]
[Black "Xu, Jerry"]
[Result "1-0"]
[WhiteElo "1590"]
[BlackElo "1063"]
[PlyCount "45"]
[EventDate "2020.11.08"]
[EventType "swiss (rapid)"]
[EventRounds "6"]
[EventCountry "CAN"]

1. d4 Nf6 2. Nf3 d5 3. c4 Bg4 4. cxd5 Nxd5 5. e4 Nf6 6. e5 Nd5 7. Nc3 e6 8. Be2
Bb4 9. Bd2 Nc6 10. Nxd5 Bxd2+ 11. Qxd2 Qxd5 12. O-O Qd8 13. Rfd1 O-O 14. h3 Bh5
15. Rac1 Ne7 16. Rc3 Nd5 17. Rc2 Bg6 18. Bd3 Bh5 19. Ng5 g6 20. g4 h6 21. Nf3
Bxg4 22. hxg4 Qf6 23. exf6 1-0

[Event "CAN-ch U14 Online"]
[Site "chess.com"]
[Date "2020.11.08"]
[Round "6.57"]
[White "Kang, Dorian"]
[Black "Xu, Andrew"]
[Result "1-0"]
[WhiteElo "2132"]
[BlackElo "1522"]
[PlyCount "133"]
[EventDate "2020.11.08"]
[EventType "swiss (rapid)"]
[EventRounds "6"]
[EventCountry "CAN"]

1. e4 e5 2. Nf3 Nc6 3. Bc4 Nf6 4. d3 Be7 5. c3 d6 6. O-O O-O 7. h3 h6 8. Nbd2
Be6 9. Re1 a6 10. a4 Qd7 11. Bxe6 fxe6 12. Nf1 Nh7 13. Ng3 Qd8 14. Qb3 Qc8 15.
Be3 Bf6 16. Rad1 Ne7 17. d4 Nc6 18. Nh5 exd4 19. cxd4 Ne7 20. Nf4 Kh8 21. Nxe6
Re8 22. e5 dxe5 23. dxe5 Bg5 24. Nexg5 hxg5 25. Nxg5 Nxg5 26. Bxg5 Qf5 27. Bxe7
Rxe7 28. Qxb7 Rf8 29. Qa7 Re6 30. Re2 Rxe5 31. Rxe5 Qxe5 32. Qxa6 Qxb2 33. Rf1
Qc3 34. Qb5 Rf6 35. a5 Rg6 36. a6 Qa3 37. Qb8+ Kh7 38. a7 Ra6 39. Qxc7 Rxa7 40.
Qc2+ Kh8 41. Rd1 Ra8 42. Qe4 Rf8 43. Kh2 Qa7 44. Qh4+ Kg8 45. Rd2 Qc5 46. Qg3
Qb6 47. Rd7 Qf6 48. f3 Qb2 49. Re7 Qf6 50. Qe5 Qxe5+ 51. Rxe5 Rb8 52. Ra5 Rb6
53. h4 Kh7 54. Kh3 Kh6 55. g4 Rb3 56. Kg3 Rb1 57. h5 Rg1+ 58. Kf4 Rc1 59. Ra6+
Kh7 60. Kg5 Rc5+ 61. Kh4 Rc3 62. f4 Rc4 63. Kg5 Rc5+ 64. f5 Rb5 65. h6 gxh6+
66. Rxh6+ Kg7 67. Ra6 1-0

[Event "CAN-ch U14 Online"]
[Site "chess.com"]
[Date "2020.11.08"]
[Round "6.59"]
[White "Imoo, Joshua"]
[Black "Hao, Jackie"]
[Result "1-0"]
[WhiteElo "1682"]
[BlackElo "1590"]
[PlyCount "77"]
[EventDate "2020.11.08"]
[EventType "swiss (rapid)"]
[EventRounds "6"]
[EventCountry "CAN"]

1. e4 e5 2. Nf3 Nc6 3. Bc4 Bc5 4. d3 Nf6 5. c3 d6 6. h3 Be6 7. Bb5 h6 8. O-O
O-O 9. d4 exd4 10. cxd4 Bb6 11. d5 a6 12. Ba4 Nxe4 13. dxe6 fxe6 14. Bc2 Nf6
15. Re1 e5 16. Be3 Ba5 17. Bd2 Bb6 18. Bc3 Qe7 19. Nbd2 Rae8 20. Bb3+ Kh8 21.
Nh4 Bxf2+ 22. Kxf2 Nh5+ 23. Ndf3 Qxh4+ 24. Kg1 Qf6 25. Bd5 Nf4 26. Kh2 Nxd5 27.
Qxd5 g5 28. Rf1 h5 29. Nxe5 Nxe5 30. Rxf6 Rxf6 31. Re1 g4 32. Bxe5 dxe5 33.
Rxe5 Ref8 34. Rxh5+ Kg7 35. Rg5+ Kh7 36. Rh5+ Kg7 37. hxg4 Rg6 38. Qd4+ Kf7 39.
Rh7+ 1-0

[Event "CAN-ch U14 w Online"]
[Site "chess.com"]
[Date "2020.11.08"]
[Round "1.66"]
[White "Myrzaibraimova, Aibike"]
[Black "Jiang, Kate Yuhua"]
[Result "0-1"]
[WhiteElo "1558"]
[BlackElo "1791"]
[PlyCount "84"]
[EventDate "2020.11.08"]
[EventType "swiss (rapid)"]
[EventRounds "6"]
[EventCountry "CAN"]

1. e4 e5 2. Nf3 Nc6 3. Bc4 Nf6 4. Ng5 d5 5. exd5 Na5 6. Bb5+ c6 7. dxc6 bxc6 8.
Bd3 Nd5 9. Nf3 Bd6 10. O-O O-O 11. a3 Nf4 12. Be2 e4 13. Nd4 Be5 14. Nb3 Nxb3
15. cxb3 Nd3 16. Bxd3 exd3 17. Qf3 Be6 18. Qxc6 Bd5 19. Qc5 Rc8 20. Qe3 Qd6 21.
f4 Rxc1 22. fxe5 Rxf1+ 23. Kxf1 Qg6 24. Qf2 f6 25. Nc3 fxe5 26. Qxf8+ Kxf8 27.
Nxd5 Qf7+ 28. Ke1 Qxd5 29. b4 Qe4+ 30. Kf2 Qf4+ 31. Ke1 Qg4 32. Kf2 Qe2+ 33.
Kg3 g5 34. b3 h5 35. h4 gxh4+ 36. Kh3 Qg4+ 37. Kh2 Qg3+ 38. Kg1 h3 39. Rf1+ Ke7
40. Rf2 h2+ 41. Kh1 Qxf2 42. Kxh2 Qxd2 0-1

[Event "CAN-ch U14 w Online"]
[Site "chess.com"]
[Date "2020.11.08"]
[Round "1.68"]
[White "Stevenson, Larissa"]
[Black "Guo, Veronica (Yu Han)"]
[Result "0-1"]
[WhiteElo "1370"]
[BlackElo "1692"]
[PlyCount "74"]
[EventDate "2020.11.08"]
[EventType "swiss (rapid)"]
[EventRounds "6"]
[EventCountry "CAN"]

1. e4 c6 2. d4 d5 3. Nc3 dxe4 4. Nxe4 Bf5 5. Ng3 Bg6 6. Nf3 Nd7 7. Bc4 e6 8.
O-O Qc7 9. Bd3 Bxd3 10. Qxd3 Ngf6 11. Re1 O-O-O 12. Ne5 Nxe5 13. Rxe5 Bd6 14.
Re2 h5 15. Bg5 h4 16. Ne4 Be7 17. Bxf6 gxf6 18. Qe3 Rdg8 19. Nc5 Bd6 20. h3 Bf4
21. Qa3 Qb6 22. Qb3 Qc7 23. Qa3 a6 24. Ne4 Rg6 25. Rd1 Rhg8 26. f3 f5 27. Nc5
Bd6 28. Qb3 Rg3 29. Rdd2 Bxc5 30. dxc5 Rxh3 31. Rxe6 Qh2+ 32. Kf1 Qh1+ 33. Ke2
Qxg2+ 34. Kd3 Rxf3+ 35. Re3 Rxe3+ 36. Kxe3 Rg3+ 37. Kf4 Qe4# 0-1

[Event "CAN-ch U14 w Online"]
[Site "chess.com"]
[Date "2020.11.08"]
[Round "2.65"]
[White "Jiang, Kate Yuhua"]
[Black "Tsukerman, Julia"]
[Result "0-1"]
[WhiteElo "1791"]
[BlackElo "1760"]
[PlyCount "118"]
[EventDate "2020.11.08"]
[EventType "swiss (rapid)"]
[EventRounds "6"]
[EventCountry "CAN"]

1. e4 c5 2. Nf3 d6 3. Bb5+ Bd7 4. Bxd7+ Qxd7 5. O-O Nc6 6. Qe2 Nf6 7. Rd1 e6 8.
c4 Be7 9. Nc3 a6 10. d4 cxd4 11. Nxd4 Rd8 12. Nf3 Qc7 13. Bf4 Nh5 14. Be3 O-O
15. Na4 Rb8 16. Nb6 Nf6 17. Qc2 Ng4 18. Qe2 Nxe3 19. Qxe3 Rfd8 20. a3 Bf6 21.
Rab1 h6 22. h3 Ne5 23. Nxe5 dxe5 24. c5 Rd4 25. b4 Rbd8 26. Qe2 Qc6 27. f3 Bg5
28. Qc2 Qb5 29. a4 Rxd1+ 30. Rxd1 Rxd1+ 31. Qxd1 Qxb4 32. Nd7 Be3+ 33. Kh1 Bd4
34. Kh2 Qa5 35. Qc2 Qc7 36. Nb6 Qxc5 37. Qxc5 Bxc5 38. Nc4 b5 39. axb5 axb5 40.
Nxe5 Bd6 41. f4 Bxe5 42. fxe5 b4 43. Kg3 b3 44. Kf3 b2 45. Ke2 b1=Q 46. Kf3 f6
47. exf6 gxf6 48. Kf4 Qf1+ 49. Kg4 Qxg2+ 50. Kf4 Qxh3 51. e5 Qf5+ 52. Kg3 Qxe5+
53. Kh4 Qg5+ 54. Kh3 e5 55. Kh2 e4 56. Kh1 e3 57. Kh2 e2 58. Kh3 e1=Q 59. Kh2
Qeh4# 0-1